| 000 | 01114cam a22002532 4500 | ||
|---|---|---|---|
| 001 | 9240 | ||
| 003 | BD-RjUL | ||
| 005 | 20211208234737.0 | ||
| 008 | 160831r20111998bg a||h| b 001 0 ben | ||
| 020 |
_a9840749145 _c: Tk. 250.00 |
||
| 035 | _a(BD-RjUL)9285 | ||
| 040 |
_aDLC _cDLC _dEQO _dBD-RjUL _bben |
||
| 041 | _aben | ||
| 082 |
_a934.92 _bHOP 2011 |
||
| 100 |
_aহোসেন, মো. মোশারফ _9153857 |
||
| 245 | 1 | 4 |
_aপ্রত্নতত্ত্ব : _bউদ্ভব ও বিকাশ, পরিপ্রেক্ষিত বাংলাদেশ / _cমো. মোশারফ হোসেন |
| 260 |
_aঢাকা : _bবাংলা একাডেমী, _c১৯৯৮ [পুনর্মুদ্রণ ২০১১] |
||
| 300 |
_a[১৫], ৩১৫ পৃ. : _bচিত্র ; _c২২ সেমি. |
||
| 490 |
_aবা /এ ; _v৪৯০৬ |
||
| 650 |
_2প্রত্নতত্ত্ব _vইতিহাস _zবাংলাদেশ _9153858 |
||
| 650 |
_aArchaeology _vHistory _zBangladesh _9153859 |
||
| 830 |
_aবা /এ ; _v৪৯০৬ _9119822 |
||
| 942 |
_2ddc _cBK |
||
| 999 |
_c9240 _d9240 |
||